[Event "VII C.to Italiano U20"]
[Site "Laveno-Mombello ITA"]
[Date "1999.08.16"]
[Round "6"]
[White "Galioto, Natale"]
[Black "Lorusso, Giuseppe"]
[Result "1-0"]
[WhiteElo "1934"]
[BlackElo "1528"]
[PlyCount "66"]
[EventDate "1999.08.11"]

1. e4 c5 2. Nf3 Nc6 3. d4 cxd4 4. Nxd4 Nf6 5. Nc3 d6 6. Be2 e5 7. Nb3 Be7 8.
O-O O-O 9. Kh1 a5 10. f4 a4 11. Nd2 Nd4 12. Nf3 Nxe2 13. Qxe2 Qc7 14. fxe5 dxe5
15. Bg5 Be6 16. Bxf6 Bxf6 17. Nd5 Bxd5 18. exd5 Rac8 19. Ne1 Qc5 20. Rd1 Rfd8
21. Rd3 Qb5 22. Rxf6 Rxd5 23. Rf2 Rxd3 24. Nxd3 Qc4 25. h3 Qxa2 26. Qxe5 Qa1+
27. Kh2 a3 28. bxa3 Qxa3 29. Qd5 Qe7 30. Ne5 Rc5 31. Qxf7+ Qxf7 32. Nxf7 Rc8
33. Nd6 Rc7 1-0

[Event "VII C.to Italiano U20"]
[Site "Laveno-Mombello ITA"]
[Date "1999.08.16"]
[Round "6"]
[White "Genocchio, Daniele"]
[Black "Costantini, Roberto"]
[Result "1-0"]
[WhiteElo "2291"]
[BlackElo "2196"]
[PlyCount "91"]
[EventDate "1999.08.11"]

1. e4 c5 2. Nf3 d6 3. d3 Nf6 4. g3 g6 5. Bg2 Nc6 6. O-O Bg7 7. Re1 O-O 8. c3 e5
9. Nbd2 Rb8 10. a3 Re8 11. Nc4 Qc7 12. Ne3 Bd7 13. b4 cxb4 14. axb4 a5 15. b5
Nd8 16. Qb3 b6 17. Ba3 Nb7 18. Ng5 Bc8 19. d4 h6 20. Nf3 Be6 21. Nd5 Bxd5 22.
exd5 Nd7 23. Bb2 Rbc8 24. Bf1 Kh7 25. h4 Re7 26. h5 Rce8 27. Bh3 e4 28. hxg6+
fxg6 29. Nh4 Nd8 30. Bc1 Nf8 31. Ra4 Nf7 32. Rc4 Qb8 33. Rc6 Nd8 34. Rc8 Qb7
35. Ba3 Rc7 36. Rxc7 Qxc7 37. Bc1 Nf7 38. Bg2 Ng5 39. f4 exf3 40. Rxe8 fxg2 41.
Bxg5 hxg5 42. Nxg2 Qf7 43. Re1 Qc7 44. Ne3 Qe7 45. Qc2 Qd7 46. Qe2 1-0

[Event "VII C.to Italiano U20"]
[Site "Laveno-Mombello ITA"]
[Date "1999.08.16"]
[Round "6"]
[White "Giovannini, Gabriele"]
[Black "Biasoli, Marco"]
[Result "0-1"]
[WhiteElo "1458"]
[BlackElo "1600"]
[PlyCount "68"]
[EventDate "1999.08.11"]

1. e4 e5 2. Bc4 Nf6 3. d3 Nc6 4. Nc3 Bc5 5. Bg5 d6 6. Nd5 Be6 7. Nxf6+ gxf6 8.
Bxe6 fxg5 9. Qh5 Qf6 10. Bxf7+ Qxf7 11. Qxf7+ Kxf7 12. Nf3 Rhg8 13. a4 a5 14.
c3 Ke7 15. h4 g4 16. Ng5 h6 17. f4 hxg5 18. fxg5 Raf8 19. Ke2 Rf2+ 20. Kd1 Rxg2
21. Rc1 g3 22. d4 exd4 23. cxd4 Bxd4 24. Rc4 Rg1+ 25. Rxg1 Bxg1 26. Rc3 Bf2 27.
Ke2 Rf8 28. Kf1 Bd4+ 29. Rf3 Rxf3+ 30. Kg2 Ne5 31. h5 Bxb2 32. h6 Rf8 33. Kxg3
Rh8 34. Kf4 Kf7 0-1

[Event "VII C.to Italiano U20"]
[Site "Laveno-Mombello ITA"]
[Date "1999.08.16"]
[Round "6"]
[White "Iafelice, Vincenzo"]
[Black "Trentini, Danilo"]
[Result "1/2-1/2"]
[WhiteElo "1741"]
[BlackElo "2100"]
[PlyCount "28"]
[EventDate "1999.08.11"]

1. d4 Nf6 2. Nf3 e6 3. Bf4 c5 4. e3 Nc6 5. c3 d5 6. Nbd2 Bd6 7. Bg3 Bxg3 8.
hxg3 Qd6 9. Bb5 O-O 10. Qc2 h6 11. Bxc6 bxc6 12. Ne5 Nd7 13. Ndf3 f6 14. Nxd7
Qxd7 1/2-1/2

[Event "VII C.to Italiano U20"]
[Site "Laveno-Mombello ITA"]
[Date "1999.08.16"]
[Round "6"]
[White "Ibba, Isacco"]
[Black "Galli, Fabio"]
[Result "1/2-1/2"]
[WhiteElo "1786"]
[BlackElo "2158"]
[PlyCount "65"]
[EventDate "1999.08.11"]

1. e4 c5 2. Nf3 e6 3. b4 cxb4 4. d4 Nf6 5. Nbd2 Be7 6. Bd3 d6 7. a3 Nc6 8. h4
h5 9. Bb2 Ng4 10. Qe2 Bd7 11. d5 Nce5 12. axb4 Bf6 13. Nd4 Bxh4 14. g3 Bf6 15.
f4 Nxd3+ 16. cxd3 e5 17. Nf5 Bxf5 18. exf5 Kf8 19. Qxg4 exf4 20. d4 fxg3 21.
Rxh5 Rxh5 22. Qxh5 Qe8+ 23. Kd1 Kg8 24. Qf3 Bh4 25. Kc2 Qb5 26. Bc3 a6 27. Ra5
Qd7 28. Ra1 Re8 29. Qg4 Qe7 30. Rh1 Bg5 31. Qh5 Bh6 32. Qf3 Qe3 33. Qxe3
1/2-1/2

[Event "VII C.to Italiano U20"]
[Site "Laveno-Mombello ITA"]
[Date "1999.08.16"]
[Round "6"]
[White "Mariano, Elia"]
[Black "Ganci, Fabrizio"]
[Result "1-0"]
[WhiteElo "2235"]
[BlackElo "1669"]
[PlyCount "79"]
[EventDate "1999.08.11"]

1. d4 f5 2. e4 fxe4 3. Nc3 Nf6 4. Bg5 Nc6 5. d5 Ne5 6. Qd4 Nf7 7. Bxf6 exf6 8.
O-O-O g6 9. Nxe4 Bh6+ 10. Kb1 Bg7 11. d6 c6 12. f4 O-O 13. f5 Ne5 14. h4 Re8
15. fxg6 hxg6 16. h5 f5 17. h6 Bh8 18. h7+ Kf8 19. Nc3 Nf7 20. Qd2 Re6 21. g4
Rxd6 22. Bd3 b5 23. gxf5 gxf5 24. Qg2 Qf6 25. Re1 Re6 26. Rxe6 Qxe6 27. Qg8+
Ke7 28. Nf3 Bb7 29. Re1 Ne5 30. Qxe6+ Kxe6 31. Nd4+ Kf6 32. Rf1 Nxd3 33. cxd3
Kg6 34. Nxf5 Bxc3 35. bxc3 Kxh7 36. Nd6 Ba6 37. Rf7+ Kg6 38. Rxd7 b4 39. c4 Bc8
40. Rd8 1-0

[Event "VII C.to Italiano U20"]
[Site "Laveno-Mombello ITA"]
[Date "1999.08.16"]
[Round "6"]
[White "Pelosin, Matteo"]
[Black "Gianfrancesco, Alessandro"]
[Result "0-1"]
[WhiteElo "1606"]
[BlackElo "1624"]
[PlyCount "41"]
[EventDate "1999.08.11"]

1. e4 e6 2. d4 d5 3. e5 c5 4. c3 Nc6 5. Be3 Qb6 6. Qd2 cxd4 7. cxd4 Bb4 8. Nc3
Nge7 9. Bd3 Bd7 10. a3 Bxc3 11. bxc3 O-O 12. Rb1 Qc7 13. Nf3 Na5 14. Qe2 Rab8
15. Bxh7+ Kxh7 16. Ng5+ Kg8 17. Qh5 Qxc3+ 18. Bd2 Qd3 19. Bxa5 Qxb1+ 20. Ke2
Qg6 21. Qh4 0-1

[Event "VII C.to Italiano U20"]
[Site "Laveno-Mombello ITA"]
[Date "1999.08.16"]
[Round "6"]
[White "Rouchouse, Stevens"]
[Black "Loetscher, Roland"]
[Result "0-1"]
[WhiteElo "2198"]
[BlackElo "2209"]
[PlyCount "137"]
[EventDate "1999.08.11"]

1. d4 Nf6 2. c4 c5 3. d5 e6 4. Nc3 exd5 5. cxd5 d6 6. e4 g6 7. f4 Bg7 8. Nf3
O-O 9. Be2 Re8 10. e5 dxe5 11. fxe5 Ng4 12. Bg5 Qb6 13. O-O Nxe5 14. d6 Be6 15.
Nd5 Bxd5 16. Qxd5 Qc6 17. Qb3 c4 18. Nxe5 Qc5+ 19. Qe3 Qxe3+ 20. Bxe3 Rxe5 21.
Bf3 Nc6 22. Bf4 Rc5 23. Rad1 Rd8 24. Rfe1 Ne5 25. Bxb7 Nd3 26. Re4 Nxf4 27.
Rxf4 Be5 28. Re4 Rxd6 29. Rxd6 Bxd6 30. Ba6 c3 31. bxc3 Rxc3 32. g3 Kg7 33. Kg2
Rc2+ 34. Re2 Rc1 35. Rd2 Bc5 36. Bb7 h5 37. Kf3 g5 38. h3 Rc3+ 39. Kg2 Kf6 40.
Bf3 Kg6 41. g4 h4 42. Re2 Kf6 43. Re4 Rc2+ 44. Re2 Rc1 45. Ba8 Rg1+ 46. Kh2 Rg3
47. Bg2 Bd4 48. Kh1 Rc3 49. Kh2 Be5+ 50. Kg1 Ke6 51. Kf1 Kd6 52. Rd2+ Kc7 53.
Ke2 f6 54. Kd1 Rg3 55. Bf1 Rf3 56. Bg2 Ra3 57. Rc2+ Kb6 58. Bf1 Bc3 59. Bc4 Kc5
60. Bb3 Kd4 61. Re2 Ra6 62. Re6 Rxe6 63. Bxe6 Ke3 64. Bc4 Ba5 65. Ba6 Kf2 66.
Bb7 Kg3 67. Ke2 Kxh3 68. Kf3 Kh2 69. Ba6 0-1

[Event "VII C.to Italiano U20"]
[Site "Laveno-Mombello ITA"]
[Date "1999.08.16"]
[Round "6"]
[White "Serio, Danilo"]
[Black "Lapiccirella, Daniele"]
[Result "0-1"]
[WhiteElo "1588"]
[BlackElo "1891"]
[PlyCount "90"]
[EventDate "1999.08.11"]

1. e4 c5 2. c3 d5 3. exd5 Qxd5 4. d4 cxd4 5. cxd4 Nc6 6. Nf3 e5 7. Nc3 Bb4 8.
Bd2 Bxc3 9. Bxc3 e4 10. Ne5 Nxe5 11. dxe5 Ne7 12. Qa4+ Bd7 13. Qb4 a5 14. Qa3
Qe6 15. Rd1 Nf5 16. Be2 Qg6 17. g4 Ne7 18. Rd6 Qg5 19. h4 Qc1+ 20. Rd1 Qc2 21.
Rxd7 Kxd7 22. Bb5+ Nc6 23. Bxc6+ Kxc6 24. Qd6+ Kb5 25. Qd5+ Kb6 26. Qd6+ Kb5
27. Qd5+ Kb6 28. Qd6+ Kb5 29. a4+ Kxa4 30. Qd7+ b5 31. O-O Qd3 32. Qxf7 Qc4 33.
Qd7 Rhd8 34. Qe7 b4 35. Ra1+ Kb3 36. Be1 Kxb2 37. Ra4 Qb3 38. Qxg7 Qxa4 39. e6+
Ka2 40. e7 Rd1 41. Qf7+ b3 42. Kf1 Qb5+ 43. Kg2 Rxe1 44. Kg3 Qd3+ 45. Kh2 Qf3
0-1

[Event "VII C.to Italiano U20"]
[Site "Laveno-Mombello ITA"]
[Date "1999.08.17"]
[Round "7"]
[White "Arcion, Riccardo"]
[Black "Pavanello, Diego"]
[Result "1-0"]
[WhiteElo "1536"]
[BlackElo "1609"]
[PlyCount "46"]
[EventDate "1999.08.11"]

1. d4 Nf6 2. c4 g6 3. Nc3 Bg7 4. e4 d6 5. f4 O-O 6. Nf3 c5 7. d5 e6 8. Be2 exd5
9. cxd5 Re8 10. e5 dxe5 11. fxe5 Nfd7 12. Bg5 Qa5 13. O-O Nxe5 14. Nxe5 Bxe5
15. Qd2 Nd7 16. Rae1 Bd4+ 17. Kh1 Ne5 18. Bf6 Nd7 19. Bxd4 cxd4 20. Qxd4 b6 21.
Bb5 Ba6 22. Bxd7 Red8 23. Bc6 Rac8 1-0

[Event "VII C.to Italiano U20"]
[Site "Laveno-Mombello ITA"]
[Date "1999.08.17"]
[Round "7"]
[White "Arnetta, Maria Teresa"]
[Black "Artizzu, Giulio"]
[Result "1/2-1/2"]
[WhiteElo "1792"]
[BlackElo "1825"]
[PlyCount "91"]
[EventDate "1999.08.11"]

1. e4 c5 2. c3 d6 3. d4 cxd4 4. cxd4 f5 5. exf5 Bxf5 6. Bd3 Bxd3 7. Qxd3 Nf6 8.
Nf3 g6 9. O-O Bg7 10. Re1 O-O 11. Qb3+ Kh8 12. Ng5 Qe8 13. Ne6 Nc6 14. Be3 Ng4
15. Nd2 Rf5 16. Nc7 Qb8 17. Nxa8 d5 18. Nf1 Nxd4 19. Qd3 Ne5 20. Qd1 Ndf3+ 21.
gxf3 Nxf3+ 22. Kg2 d4 23. Ng3 Nxe1+ 24. Qxe1 Re5 25. Qc1 dxe3 26. Nc7 e2 27.
Qc3 e1=Q 28. Rxe1 Rxe1 29. Qxe1 Qxc7 30. b3 Qc6+ 31. Qe4 Qxe4+ 32. Nxe4 Kg8 33.
Kf3 Bf6 34. Nd2 Kf7 35. Ke4 Ke6 36. Nc4 b5 37. Ne3 a5 38. Nc2 Be5 39. h3 Bd6
40. f4 h6 41. Nd4+ Kf6 42. Nf3 g5 43. fxg5+ hxg5 44. Nd4 Kg6 45. Ne6 Kf6 46.
Nd4 1/2-1/2

[Event "VII C.to Italiano U20"]
[Site "Laveno-Mombello ITA"]
[Date "1999.08.17"]
[Round "7"]
[White "Biasoli, Marco"]
[Black "Pelosin, Matteo"]
[Result "0-1"]
[WhiteElo "1600"]
[BlackElo "1606"]
[PlyCount "61"]
[EventDate "1999.08.11"]

1. e4 e6 2. d4 d5 3. e5 c5 4. Bb5+ Bd7 5. Bxd7+ Qxd7 6. c3 Nc6 7. Nf3 Rc8 8.
Bg5 f6 9. exf6 gxf6 10. Bf4 cxd4 11. Nxd4 e5 12. Nxc6 Rxc6 13. Be3 Qf7 14. O-O
a6 15. Re1 Ne7 16. Nd2 Rg8 17. Nf3 Qg7 18. Nh4 f5 19. Qh5+ Kd8 20. g3 f4 21.
Ba7 Rh6 22. Qf3 Rxh4 23. Bc5 e4 24. Qd1 Qe5 25. Bxe7+ Bxe7 26. c4 fxg3 27. fxg3
Rxg3+ 28. hxg3 Qxg3+ 29. Kf1 Rh1+ 30. Ke2 Rh2+ 31. Kf1 0-1

[Event "VII C.to Italiano U20"]
[Site "Laveno-Mombello ITA"]
[Date "1999.08.17"]
[Round "7"]
[White "Castaldo, Folco"]
[Black "Berni, Giorgio"]
[Result "1-0"]
[WhiteElo "2225"]
[BlackElo "1665"]
[PlyCount "38"]
[EventDate "1999.08.11"]

1. e4 c5 2. Nc3 e6 3. f4 d5 4. Bb5+ Bd7 5. Bxd7+ Qxd7 6. d3 g6 7. Nf3 Nc6 8.
O-O Bg7 9. f5 exf5 10. exd5 Nd4 11. Bf4 Nxf3+ 12. Qxf3 Nf6 13. Rae1+ Kf8 14. d6
Re8 15. Nd5 Nxd5 16. Rxe8+ Qxe8 17. Qxd5 Bd4+ 18. Kh1 Kg7 19. d7 Qe6 1-0

[Event "VII C.to Italiano U20"]
[Site "Laveno-Mombello ITA"]
[Date "1999.08.17"]
[Round "7"]
[White "Delfino, Luigi"]
[Black "Forato, Piero"]
[Result "1/2-1/2"]
[WhiteElo "1909"]
[BlackElo "1665"]
[PlyCount "38"]
[EventDate "1999.08.11"]

1. d4 Nf6 2. e3 g6 3. Bd3 Bg7 4. Nf3 O-O 5. O-O d6 6. b3 Nfd7 7. Bb2 Nc6 8. a3
e5 9. Nbd2 f5 10. Bb5 e4 11. Ne1 Nf6 12. c4 Ne7 13. Nc2 Rb8 14. b4 c6 15. Ba4
d5 16. Bb3 Kh8 17. a4 f4 18. exf4 Nh5 19. g3 Bh3 1/2-1/2

[Event "VII C.to Italiano U20"]
[Site "Laveno-Mombello ITA"]
[Date "1999.08.17"]
[Round "7"]
[White "Dorighet, Claudio"]
[Black "De Bortoli, Peter"]
[Result "0-1"]
[WhiteElo "2121"]
[BlackElo "2225"]
[PlyCount "60"]
[EventDate "1999.08.11"]

1. c4 e5 2. Nc3 Nc6 3. g3 h5 4. Bg2 h4 5. e3 Nf6 6. d4 Bb4 7. c5 Qe7 8. a3 exd4
9. axb4 dxc3 10. bxc3 d6 11. cxd6 cxd6 12. b5 Ne5 13. Ba3 Nc4 14. Nh3 Nxa3 15.
Rxa3 d5 16. Rb3 Bxh3 17. Bxh3 hxg3 18. hxg3 Qe4 19. Rh2 Qc4 20. Bf1 Rxh2 21.
Bxc4 dxc4 22. Qf3 cxb3 23. Qxb7 Rd8 24. Qc6+ Kf8 25. Qa6 Kg8 26. Qa3 Ne4 27.
Qe7 Rh1+ 28. Ke2 Rd2+ 29. Kf3 Rxf2+ 30. Kxe4 b2 0-1

[Event "VII C.to Italiano U20"]
[Site "Laveno-Mombello ITA"]
[Date "1999.08.17"]
[Round "7"]
[White "Galioto, Natale"]
[Black "Drabke, Lorenz Maximilian"]
[Result "0-1"]
[WhiteElo "1934"]
[BlackElo "2102"]
[PlyCount "80"]
[EventDate "1999.08.11"]

1. e4 c5 2. Nf3 e6 3. d4 cxd4 4. Nxd4 Nc6 5. Nc3 Qc7 6. Be3 a6 7. a4 Nf6 8. f3
Bb4 9. Bd3 d5 10. O-O Bc5 11. Nce2 Qb6 12. c3 dxe4 13. Bxe4 Nxe4 14. fxe4 Qxb2
15. Rb1 Qa2 16. Qd3 Ne5 17. Qd1 O-O 18. Kh1 Qc4 19. Ng3 b6 20. Qe1 f6 21. Nh5
Qxa4 22. Nxg7 Kxg7 23. Qh4 Ng6 24. Qh6+ Kg8 25. h4 Rf7 26. Rf3 Qe8 27. Rbf1 Bf8
28. Qh5 Bg7 29. Bg5 Raa7 30. Bxf6 Bxf6 31. Rxf6 Rxf6 32. Rxf6 Rf7 33. e5 Rxf6
34. exf6 e5 35. Nf3 Qe6 36. Qg5 Qf5 37. Qg3 Qf4 38. f7+ Kxf7 39. Ng5+ Kg8 40.
Qd3 Qxh4+ 0-1

[Event "VII C.to Italiano U20"]
[Site "Laveno-Mombello ITA"]
[Date "1999.08.17"]
[Round "7"]
[White "Galli, Fabio"]
[Black "Iafelice, Vincenzo"]
[Result "1-0"]
[WhiteElo "2158"]
[BlackElo "1741"]
[PlyCount "91"]
[EventDate "1999.08.11"]

1. e4 e5 2. d4 exd4 3. Nf3 Nc6 4. Bc4 Bc5 5. Ng5 Nh6 6. Nxf7 Nxf7 7. Bxf7+ Kxf7
8. Qh5+ g6 9. Qxc5 d6 10. Qd5+ Be6 11. Qb5 Rb8 12. Bg5 Qd7 13. Nd2 Rhe8 14. O-O
Kg8 15. f4 a6 16. Qe2 Rf8 17. Nf3 Rbe8 18. Qd2 Qg7 19. f5 Bc4 20. f6 Rxf6 21.
Bxf6 Qxf6 22. Rf2 d5 23. e5 Nxe5 24. Re1 Nxf3+ 25. Rxf3 Qd8 26. b3 Bb5 27. a4
Rxe1+ 28. Qxe1 Qe8 29. Qd2 Qe2 30. Rf2 Qxd2 31. Rxd2 Bd7 32. Rxd4 Be6 33. b4
Kf7 34. a5 Ke7 35. Kf2 b6 36. axb6 cxb6 37. Ke3 g5 38. Rd1 h6 39. Kd4 Bf5 40.
c3 Kd6 41. Rf1 Ke6 42. Ra1 a5 43. bxa5 bxa5 44. Rxa5 Be4 45. g4 Kf6 46. Rxd5
1-0

[Event "VII C.to Italiano U20"]
[Site "Laveno-Mombello ITA"]
[Date "1999.08.17"]
[Round "7"]
[White "Ganci, Fabrizio"]
[Black "Coratella, Giuseppe"]
[Result "1/2-1/2"]
[WhiteElo "1669"]
[BlackElo "2098"]
[PlyCount "32"]
[EventDate "1999.08.11"]

1. d4 Nf6 2. Nf3 g6 3. Bf4 Bg7 4. Nbd2 d6 5. e4 O-O 6. c3 c5 7. Be2 Nbd7 8. O-O
Nh5 9. Bg5 h6 10. Be3 e5 11. Nc4 Qf6 12. dxe5 dxe5 13. g3 Qc6 14. Nd6 a6 15.
Nh4 Nhf6 16. f3 Nb6 1/2-1/2

[Event "VII C.to Italiano U20"]
[Site "Laveno-Mombello ITA"]
[Date "1999.08.17"]
[Round "7"]
[White "Gianfrancesco, Alessandro"]
[Black "Cardarelli, Angelo"]
[Result "1-0"]
[WhiteElo "1624"]
[BlackElo "1633"]
[PlyCount "50"]
[EventDate "1999.08.11"]

1. d4 Nf6 2. Nf3 g6 3. Bg5 Bg7 4. e3 d6 5. Bd3 O-O 6. O-O Nbd7 7. Nbd2 e5 8. c3
Qe8 9. dxe5 Nxe5 10. Nxe5 dxe5 11. Bxf6 Bxf6 12. Qf3 Bg7 13. Rad1 Qa4 14. Bc4
Qc2 15. b3 Qxc3 16. Ne4 Qb4 17. Nf6+ Kh8 18. Nd7 Bxd7 19. Rxd7 f5 20. Rxc7 e4
21. Qf4 Rfe8 22. Rd7 Rac8 23. Rfd1 Qa5 24. Rxg7 Kxg7 25. Rd7+ Kf6 1-0

[Event "VII C.to Italiano U20"]
[Site "Laveno-Mombello ITA"]
[Date "1999.08.17"]
[Round "7"]
[White "Jovanovic, Zoran"]
[Black "Costantini, Roberto"]
[Result "0-1"]
[WhiteElo "2310"]
[BlackElo "2196"]
[PlyCount "86"]
[EventDate "1999.08.11"]

1. e4 c5 2. Nc3 d6 3. Nf3 Nf6 4. d4 cxd4 5. Nxd4 a6 6. f4 e5 7. Nf3 Nbd7 8. a4
Be7 9. Bd3 O-O 10. O-O Nc5 11. Kh1 exf4 12. Bxf4 Bg4 13. h3 Bh5 14. Qd2 Re8 15.
Nd4 Bg6 16. Nf5 Bxf5 17. exf5 d5 18. Rae1 Qd7 19. Bg5 h6 20. Bh4 Nfe4 21. Bxe4
Bxh4 22. Bxd5 Bxe1 23. Rxe1 Qxf5 24. Rd1 Rad8 25. Qc1 Qe5 26. Qa1 Rd7 27. Qa2
Rde7 28. Rf1 Kh8 29. Bxf7 Rf8 30. Qc4 Ne4 31. Nxe4 Qxe4 32. Bd5 Rxf1+ 33. Qxf1
Qb4 34. Qf8+ Kh7 35. Qf5+ g6 36. Qf6 Qc5 37. c4 Re1+ 38. Kh2 Qc7+ 39. g3 Re2+
40. Kh1 Qd7 41. Kg1 Qe8 42. h4 Qe3+ 43. Kf1 Re1+ 0-1

[Event "VII C.to Italiano U20"]
[Site "Laveno-Mombello ITA"]
[Date "1999.08.17"]
[Round "7"]
[White "Lapiccirella, Daniele"]
[Black "Arnetta, Marianna"]
[Result "1/2-1/2"]
[WhiteElo "1891"]
[BlackElo "1714"]
[PlyCount "50"]
[EventDate "1999.08.11"]

1. d4 e6 2. c4 d5 3. Nc3 Nf6 4. cxd5 exd5 5. Bg5 Be7 6. e3 c6 7. Bd3 Bg4 8. f3
Bh5 9. Nge2 Bg6 10. O-O Bxd3 11. Qxd3 O-O 12. e4 Na6 13. a3 Nc7 14. e5 Nd7 15.
Bxe7 Qxe7 16. Rae1 f5 17. Rf2 f4 18. Nc1 c5 19. dxc5 Nxc5 20. Qd1 Rad8 21. Rd2
N7e6 22. Nb3 d4 23. Ne4 Rd5 24. Nxd4 Nxd4 25. Rxd4 Rxd4 1/2-1/2

[Event "VII C.to Italiano U20"]
[Site "Laveno-Mombello ITA"]
[Date "1999.08.17"]
[Round "7"]
[White "Loetscher, Roland"]
[Black "Genocchio, Daniele"]
[Result "1-0"]
[WhiteElo "2209"]
[BlackElo "2291"]
[PlyCount "121"]
[EventDate "1999.08.11"]

1. d4 e6 2. c4 c5 3. d5 exd5 4. cxd5 d6 5. Nc3 g6 6. Nf3 Bg7 7. g3 Ne7 8. Bg2
O-O 9. O-O b6 10. Nd2 Ba6 11. Re1 Re8 12. Nde4 h6 13. Bf4 Nc8 14. g4 b5 15. Qc1
b4 16. Bxh6 bxc3 17. Bxg7 Kxg7 18. Qxc3+ f6 19. Ng5 Bb7 20. Ne6+ Rxe6 21. dxe6
Bxg2 22. Kxg2 Qe7 23. Qb3 Nb6 24. f4 Nc6 25. f5 Ne5 26. h3 d5 27. Rac1 d4 28.
Red1 c4 29. Qg3 Qb7+ 30. Kh2 Qe4 31. Qg2 Qf4+ 32. Qg3 Qe4 33. Qg2 Qf4+ 34. Kh1
Rh8 35. g5 Nd5 36. gxf6+ Kxf6 37. Rxc4 Qe3 38. Rd3 Nxd3 39. Qxg6+ Ke5 40. Qg7+
Kxf5 41. Qxh8 Qe4+ 42. Kg1 Qe3+ 43. Kh1 Nf2+ 44. Kg2 Qxe2 45. Qh7+ Kf4 46. Qh6+
Ke4 47. Qg6+ Ke3 48. Qg3+ Kd2 49. Rxd4+ Ke1 50. Rxd5 Qf1+ 51. Kf3 Qe2+ 52. Kg2
Qf1+ 53. Kf3 Qe2+ 54. Kf4 Qe4+ 55. Kg5 Qxd5+ 56. Kf6 Kf1 57. Qf4 Qxa2 58. e7
Qg8 59. Qf5 a6 60. Qg6 Qh8+ 61. Kf7 1-0

[Event "VII C.to Italiano U20"]
[Site "Laveno-Mombello ITA"]
[Date "1999.08.17"]
[Round "7"]
[White "Lorusso, Giuseppe"]
[Black "Bonzano, Maria Angela"]
[Result "1-0"]
[WhiteElo "1528"]
[BlackElo "1593"]
[PlyCount "143"]
[EventDate "1999.08.11"]

1. d4 d5 2. c4 e6 3. Nc3 Be7 4. Nf3 Nf6 5. Bg5 Nbd7 6. e3 O-O 7. Rc1 c6 8. Bd3
Re8 9. O-O Nf8 10. Qe2 dxc4 11. Bxc4 b5 12. Bd3 Bb7 13. Rfd1 a6 14. e4 N6d7 15.
Be3 Rc8 16. Bb1 Qc7 17. a3 Qb8 18. b4 h6 19. Ne1 Nb6 20. Ba2 Nbd7 21. Nd3 Bd6
22. h3 e5 23. d5 cxd5 24. Nxd5 Rxc1 25. Rxc1 Rc8 26. Rxc8 Qxc8 27. f3 Bxd5 28.
Bxd5 Nf6 29. Bb3 Qc3 30. Qc2 Qxc2 31. Bxc2 N8d7 32. Kf2 Kf8 33. Ke2 Ne8 34. Bb3
f6 35. Be6 Ke7 36. Bxd7 Kxd7 37. Nc5+ Bxc5 38. Bxc5 Ke6 39. Ke3 f5 40. exf5+
Kxf5 41. g4+ Ke6 42. f4 Kd5 43. fxe5 Kxe5 44. Bf8 Ke6 45. Kd4 Kf7 46. Bc5 Ke6
47. Bf8 Kf7 48. Bc5 Ke6 49. Ba7 Kd6 50. Bb8+ Kc6 51. Be5 Nf6 52. Bxf6 gxf6 53.
Ke4 Kd6 54. Kf5 Ke7 55. Kg6 Ke6 56. Kxh6 Kf7 57. Kh5 Kg7 58. Kh4 Kg6 59. Kg3
Kg5 60. h4+ Kg6 61. Kf4 Kf7 62. Kf5 Kg7 63. g5 fxg5 64. hxg5 Kf7 65. g6+ Kg7
66. Ke5 Kxg6 67. Kd6 Kf7 68. Kc6 Ke7 69. Kb6 Kd6 70. Kxa6 Kc6 71. Ka5 Kb7 72.
Kxb5 1-0

[Event "VII C.to Italiano U20"]
[Site "Laveno-Mombello ITA"]
[Date "1999.08.17"]
[Round "7"]
[White "Mariano, Elia"]
[Black "Cacco, Christian"]
[Result "0-1"]
[WhiteElo "2235"]
[BlackElo "2292"]
[PlyCount "54"]
[EventDate "1999.08.11"]

1. d4 c5 2. dxc5 Na6 3. g3 Nxc5 4. Bg2 Nf6 5. c4 g6 6. Nc3 Bg7 7. Nf3 O-O 8.
O-O d6 9. Nd4 Rb8 10. b3 Bd7 11. Bb2 a6 12. Qd2 Qe8 13. Rac1 b5 14. b4 Ne6 15.
Nd5 bxc4 16. Rxc4 Bb5 17. Rc2 Qd7 18. Rfc1 Ba4 19. Nxe6 Qxe6 20. Rc7 Rfe8 21.
Ra7 Ne4 22. Bxe4 Bxb2 23. Rcc7 Qxe4 24. Nxe7+ Rxe7 25. Rxe7 Be5 26. Qd3 Qxb4
27. Rxf7 Bc6 0-1

[Event "VII C.to Italiano U20"]
[Site "Laveno-Mombello ITA"]
[Date "1999.08.17"]
[Round "7"]
[White "Tappeiner, Michael"]
[Black "Serio, Danilo"]
[Result "1-0"]
[WhiteElo "1579"]
[BlackElo "1588"]
[PlyCount "139"]
[EventDate "1999.08.11"]

1. e4 e5 2. Nf3 Nc6 3. d4 exd4 4. Bc4 Bc5 5. Ng5 Nh6 6. Nxf7 Nxf7 7. Bxf7+ Kxf7
8. Qh5+ g6 9. Qxc5 Re8 10. Qd5+ Re6 11. Bg5 Qe8 12. Nd2 Kg7 13. f4 Rd6 14. Qc4
b5 15. Qd3 Nb4 16. Qb3 Nd5 17. O-O Ne3 18. Rf3 Bb7 19. Qxb5 Nxc2 20. Qe5+ Qxe5
21. fxe5 Nxa1 22. exd6 c5 23. Be7 Nc2 24. Rf4 Nb4 25. Nc4 d3 26. Kf2 Ba6 27.
Ne3 d2 28. Rg4 Nd3+ 29. Kg3 Nxb2 30. Nf5+ Kf7 31. Nh6+ Ke6 32. Rf4 d1=Q 33. Nf7
Qe1+ 34. Kg4 Qe2+ 35. Kh4 Qe1+ 36. g3 Qc3 37. Ng5+ Ke5 38. Bf6+ Kxd6 39. Bxc3
Nd1 40. Rf6+ Kc7 41. Be5+ Kb7 42. Rf7 h6 43. Rxd7+ Kc6 44. Rxd1 hxg5+ 45. Kxg5
Re8 46. Rd6+ Kb5 47. Kf4 Rf8+ 48. Rf6 Rg8 49. Bd6 c4 50. Ke3 c3 51. Rf7 Rd8 52.
e5 Bc8 53. Rc7 Be6 54. Rxc3 Bxa2 55. Ra3 Be6 56. Rxa7 Rh8 57. h4 Rh5 58. Rg7
Bf5 59. Kf4 Kc6 60. Be7 Rh8 61. g4 Bb1 62. Kg5 Kd5 63. Bf6 Ra8 64. Rxg6 Bxg6
65. Kxg6 Ke6 66. g5 Rg8+ 67. Kh7 Ra8 68. g6 Ra7+ 69. g7 Kf5 70. Kh8 1-0

[Event "VII C.to Italiano U20"]
[Site "Laveno-Mombello ITA"]
[Date "1999.08.17"]
[Round "7"]
[White "Tomba, Ivan"]
[Black "Rouchouse, Stevens"]
[Result "1/2-1/2"]
[WhiteElo "2010"]
[BlackElo "2198"]
[PlyCount "33"]
[EventDate "1999.08.11"]

1. e4 c5 2. Nf3 e6 3. d4 cxd4 4. Nxd4 a6 5. Bd3 Nf6 6. c4 d6 7. O-O Bd7 8. Nc3
Nc6 9. Be3 Be7 10. Kh1 O-O 11. f4 Re8 12. Qe1 Ng4 13. Bg1 Nb4 14. Be2 e5 15.
Nf5 Bxf5 16. exf5 Nf6 17. Qg3 1/2-1/2

[Event "VII C.to Italiano U20"]
[Site "Laveno-Mombello ITA"]
[Date "1999.08.17"]
[Round "7"]
[White "Trentini, Danilo"]
[Black "Ibba, Isacco"]
[Result "1-0"]
[WhiteElo "2100"]
[BlackElo "1786"]
[PlyCount "99"]
[EventDate "1999.08.11"]

1. d4 d5 2. Nf3 Nf6 3. c4 c6 4. Nc3 e6 5. cxd5 exd5 6. Bg5 h6 7. Bxf6 Qxf6 8.
e3 Bg4 9. Qb3 Nd7 10. Be2 Be7 11. Ne5 Nxe5 12. dxe5 Qe6 13. Qxb7 Rc8 14. Bxg4
Qxg4 15. O-O Qe6 16. Qxa7 O-O 17. Qd4 Rb8 18. f4 f6 19. exf6 Bxf6 20. Qd2 Rxb2
21. Qxb2 Qxe3+ 22. Qf2 Qxc3 23. Rac1 Qb4 24. Kh1 Bd4 25. Qc2 c5 26. Rb1 Qc3 27.
Qb3 Qxb3 28. axb3 Bc3 29. g3 Re8 30. Kg2 d4 31. Rbd1 Rb8 32. Rb1 Re8 33. Kf3
Re3+ 34. Kf2 Kf7 35. Kg2 Ke6 36. Rf3 Kd5 37. Rxe3 dxe3 38. Kf3 Kd4 39. Ke2 Bd2
40. g4 Ke4 41. Rf1 Kd4 42. f5 Ke5 43. Rf3 Kf6 44. Rxe3 Bxe3 45. Kxe3 Kg5 46.
Kf3 h5 47. h3 Kh4 48. Kf4 Kxh3 49. gxh5 Kh4 50. f6 1-0

[Event "VII C.to Italiano U20"]
[Site "Laveno-Mombello ITA"]
[Date "1999.08.18"]
[Round "8"]
[White "Arcion, Riccardo"]
[Black "Delfino, Luigi"]
[Result "1/2-1/2"]
[WhiteElo "1536"]
[BlackElo "1909"]
[PlyCount "25"]
[EventDate "1999.08.11"]

1. d4 Nf6 2. c4 g6 3. Nc3 Bg7 4. e4 O-O 5. e5 Ne8 6. f4 d6 7. Nf3 Bg4 8. h3
Bxf3 9. Qxf3 Nc6 10. Be3 dxe5 11. dxe5 Nd4 12. Qe4 c5 13. O-O-O 1/2-1/2